Mujeres en el proceso de toma de decisiones en América Latina /

Saved in:
Bibliographic Details
Corporate Author: CEPAL
Format: Text
Tags: Add Tag
No Tags, Be the first to tag this record!

MARC

LEADER 00000 a a2200000 04500
001 47582
003
040
110 |a CEPAL  
245 |a Mujeres en el proceso de toma de decisiones en América Latina /  |c CEPAL  
773 |g número79, (1995), 67 páginas  
999 |c 26951  |d 26951